000 00307nam a22001457a 4500
008 210511b ||||| |||| 00| 0 eng d
020 _a9780786704712
041 _aeng
080 _a82
082 _a82
100 _a21
101 _aGJL
245 _aLily of the Valley
_cBalgac,H.D
942 _2udc
_cBK
999 _c57217
_d57217